| 000 | 00639nam a2200217 a 4500 | ||
|---|---|---|---|
| 001 | BRCA_7215 | ||
| 005 | 20190320205744.0 | ||
| 008 | 170112s1940----u--af#####---#000-0#eng-# | ||
| 041 | _aeng | ||
| 044 | _au | ||
| 050 | 4 |
_aN7350 _b.J35 |
|
| 245 | 1 | 0 |
_aJapanese Art _cedited by Harold Gould Henderson, Robert Treat Paine Jr. |
| 260 |
_aNewton, Mass _bThe University Prints _c[1940] |
||
| 300 |
_a1 estuche con láminas _bil., 150 láminas _c21 cm. |
||
| 500 | _aP110 | ||
| 650 | 1 | 4 |
_aArte japones _91193 |
| 700 | 1 |
_aHenderson, Harold Gould _eed. _917876 |
|
| 700 | 1 |
_aPaine, Robert Treat Jr. _eed. _917877 |
|
| 902 | _aGFM | ||
| 942 |
_2lcc _cB |
||
| 999 |
_c6896 _d6896 |
||